Mysore state district census handbook, Bellary (Record no. 484760)

000 -LEADER
fixed length control field 00402cam a22001217a 4500
008 - FIXED-LENGTH DATA ELEMENTS--GENERAL INFORMATION
fixed length control field 180718b1969 xxu||||| |||| 00| 0 eng d
082 ## - DEWEY DECIMAL CLASSIFICATION NUMBER
Classification number A81x5444 In2/61/3
100 ## - MAIN ENTRY--PERSONAL NAME
Personal name Census of India 1961
245 ## - TITLE STATEMENT
Title Mysore state district census handbook, Bellary
260 ## - PUBLICATION, DISTRIBUTION, ETC.
Place of publication, distribution, etc. Bangalore
Name of publisher, distributor, etc. The Director of Printing, Stationery and Publications
Date of publication, distribution, etc. 1969
300 ## - PHYSICAL DESCRIPTION
Extent v.p.
440 ## - SERIES STATEMENT/ADDED ENTRY--TITLE
Title Census of India 1961. Mysore state
Holdings
Withdrawn status Lost status Damaged status Not for loan Permanent Location Current Location Date acquired Full call number Barcode Date last seen Price effective from Koha item type
        Indian Institute of Public Administration Indian Institute of Public Administration 2018-08-04 A81x5444 In2/61/3 G10476 2018-08-04 2018-08-04 G

Powered by Koha